Most Top 5 Finishes in Junior Eurovision Quiz - Statistics

General Stats
  • This quiz has been taken 181 times
    113 since last reset
  • The average score is 14 of 41
Answer Stats
Total 1 2 3 4 5 Country % Correct
12 4 2 2 3 1 Georgia
96%
11 2 4 3 1 1 Armenia
81%
8 4 1 1 1 1 France
70%
9 2 2 - 4 1 Russia
61%
10 2 1 2 2 3 Belarus
60%
8 1 3 2 1 1 Spain
59%
5 1 1 - 3 - Netherlands
56%
3 2 1 - - - Poland
56%
6 2 - - 2 2 Malta
55%
8 1 3 1 1 2 Ukraine
50%
2 1 - 1 - - Croatia
44%
2 1 - 1 - - Italy
40%
4 - 1 1 1 1 United Kingdom
38%
2 - 2 - - - Kazakhstan
36%
0 - - - - - Germany
31%
1 - - - - 1 Albania
30%
0 - - - - - Cyprus
30%
1 - 1 - - - Portugal
30%
3 - - 2 - 1 Australia
29%
1 - 1 - - - Bulgaria
26%
1 - - - 1 - Ireland
26%
2 - - - 1 1 Belgium
24%
0 - - - - - Wales
24%
3 - - 2 - 1 Serbia
23%
1 - - 1 - - Slovenia
21%
1 - - 1 - - Sweden
21%
1 - - - - 1 Azerbaijan
20%
0 - - - - - Estonia
20%
1 - - 1 - - Lithuania
20%
1 - - 1 - - Norway
20%
3 - - - 1 2 Denmark
19%
2 - - - - 2 North Macedonia
19%
0 - - - - - San Marino
19%
0 - - - - - Greece
18%
2 - - - 1 1 Romania
18%
0 - - - - - Switzerland
16%
0 - - - - - Moldova
15%
0 - - - - - Latvia
14%
0 - - - - - Montenegro
14%
0 - - - - - Israel
13%
0 - - - - - Serbia and Montenegro
10%
No matching quizzes found
Score Distribution
Percent of People with Each Score
Percentile by Number Answered
Your Score History
You have not taken this quiz since the last reset